LDR 00698naa#a2200181#i#450# 001 EN\\bibl\126786 005 20260701093822.3 011 ## _a1815-588X 100 ## _a20260630b2026####ek#y0engy0150####ca 102 ## _aRU 200 1# _aSelection of a Dislocation Station for Trains Set Aside from Traffic as a Tool for Improving the Efficiency of the Transport System _eJournal article 210 1# _aSaint-Petersburg _cFSBEI HE "Emperor Alexander I St. Petersburg State Transport University" _d2026 215 ## _a7 с. 608 ## _aJournal article _2local 675 ## _aТарифы. Билеты. Сборы. 656.03 _z 700 #1 _aAmanov _gMaksim Maratovich 700 #1 _aTimuhin _gKirill Maksimovich 856 4# _aitt-pgups.ru _u